| 000 | 01566cam a2200361 a 4500 | ||
|---|---|---|---|
| 001 | EDZ0000019142 | ||
| 003 | StDuBDS | ||
| 005 | 20161031105216.0 | ||
| 006 | m||||||||d|||||||| | ||
| 007 | cr ||||||||||| | ||
| 008 | 110106s2006 caua fo 001|0|eng d | ||
| 020 |
_a9781412976145 (ebook) : _cNo price |
||
| 040 |
_aStDuBDS _beng _cStDuBDS _epn |
||
| 049 | _aAlfaisal Main Library | ||
| 050 | 4 | _aPN1590.S6 | |
| 082 | 0 | 4 |
_a306.484 _222 |
| 245 | 0 | 4 |
_aThe SAGE handbook of performance studies _h[electronic resource] / _cedited by D. Soyini Madison and Judith Hamera. |
| 246 | 3 | 0 | _aPerformance studies |
| 260 |
_aThousand Oaks, [Calif.] ; _aLondon : _bSAGE, _cc2006. |
||
| 300 |
_a1 online resource (xxv, 554 p.) : _bill. |
||
| 520 | 8 | _aThis handbook brings together reviews of the major research in performance studies and identifies directions for further investigation. It serves scholars and students across the disciplines by delineating the scope of the field, the critical and interpretive methods used and the theoretical and ethical presumptions. | |
| 521 | _aSpecialized. | ||
| 588 | _aDescription based on print version record. | ||
| 504 | _aIncludes bibliographical references and index. | ||
| 650 | 0 |
_aPerforming arts _xSocial aspects. |
|
| 655 | 7 |
_aElectronic books. _2local |
|
| 700 | 1 | _aMadison, D. Soyini. | |
| 700 | 1 | _aHamera, Judith. | |
| 710 | 2 | _aSage eBooks | |
| 776 | 0 | 8 |
_iPrint version : _z9780761929314 |
| 856 | 4 | 0 | _uhttp://ezproxy.alfaisal.edu/login?url=http://sk.sagepub.com/reference/hdbk_performance |
| 942 |
_2lcc _cEBOOKS |
||
| 999 |
_c481737 _d481737 |
||